000 00526nam a22001697a 4500
003 NUST
038 _aNusrat Nadeem
082 _a200
100 _aAnjum, Ali
_9119925
245 _aX-band Multifunction Core Chip in GaN based MMIC Technology/
_cAli Anjum
264 _aIslamabad,
_bSEECS NUST
_c2023
300 _aill:
_b113,p:
_c30,cm.
650 _aMS-Electrical Engineering
_923567
700 _aSupervisor :Dr. Hammad M.Cheema
_996905
856 _uhttp://10.250.8.41:8080/xmlui/handle/123456789/38021
942 _2ddc
_cSC
999 _c607435
_d607435